Historia de la ley primitiva de los visigodos y descubrimiento de algunos de sus capítulos (Record no. 69694)

MARC details
000 -LEADER
campo de control de longitud fija 00659nam a2200181 i 4500
001 - NÚMERO DE CONTROL
campo de control 69694
003 - IDENTIFICADOR DE NÚMERO DE CONTROL
campo de control ES-MaACL
005 - FECHA Y HORA DE LA ÚLTIMA TRANSACCIÓN
campo de control 20250809041921.0
007 - CAMPO FIJO DE DESCRIPCIÓN FÍSICA--INFORMACIÓN GENERAL
campo de control de longitud fija t|
008 - DATOS DE LONGITUD FIJA--INFORMACIÓN GENERAL
campo de control de longitud fija 040709s1865 sp ||||1| spa d
080 ## - NÚMERO DE LA CLASIFICACIÓN DECIMAL UNIVERSAL
Número de la Clasificación Decimal Universal 34(363.62)
100 1# - ENTRADA PRINCIPAL--NOMBRE DE PERSONA
Nombre de persona García y García, José.
9 (RLIN) 55433
245 10 - MENCIÓN DEL TÍTULO
Título Historia de la ley primitiva de los visigodos y descubrimiento de algunos de sus capítulos
Resto del título : discurso leído en el acto de recibir la investidura de doctor /
Mención de responsabilidad, etc. José García y García.
260 ## - PUBLICACIÓN, DISTRIBUCIÓN, ETC.
Lugar de publicación, distribución, etc. Madrid :
Nombre del editor, distribuidor, etc. [s.n.],
Fecha de publicación, distribución, etc. 1865 (
Fabricante Estab. tip. de T. Fontanet)
650 #7 - PUNTO DE ACCESO ADICIONAL DE MATERIA--TÉRMINO DE MATERIA
Término de materia o nombre geográfico como elemento de entrada Derecho visigodo
Fuente del encabezamiento o término embne
9 (RLIN) 155466
852 4# - LOCALIZACIÓN
Ubicación ES-MaACL
Número de control de estantería T-66-F-13
Holdings
Estatus retirado Estado de pérdida Estado de daño No para préstamo Colección Biblioteca de origen Biblioteca actual Ubicación en estantería Fecha de adquisición Fuente de adquisición Total de préstamos Signatura topográfica completa Código de barras Visto por última vez Precio de reemplazo Tipo de ítem Koha
        Colección de folletos Biblioteca del Ateneo de Madrid Biblioteca del Ateneo de Madrid Depósito folletos 17/01/2008     T-66-F-13 1072979 23/02/2023 23/02/2023 Folleto